ایک تمنا ایک خیاب / (Record no. 108760)

MARC details
000 -LEADER
fixed length control field 00974nam a22002657a 4500
005 - DATE AND TIME OF LATEST TRANSACTION
control field 20170123162344.0
010 ## - LIBRARY OF CONGRESS CONTROL NUMBER
LC control number A-791128
020 ## - INTERNATIONAL STANDARD BOOK NUMBER
Terms of availability 31.00
International Standard Book Number 8123715811
035 ## - SYSTEM CONTROL NUMBER
System control number A-791128
037 ## - SOURCE OF ACQUISITION
Source of stock number/acquisition Cen Lib/Ret
040 ## - CATALOGING SOURCE
Original cataloging agency DPL
Language of cataloging UR
082 ## - DEWEY DECIMAL CLASSIFICATION NUMBER
Classification number 371.1
Item number ب د ھ
100 ## - MAIN ENTRY--PERSONAL NAME
Personal name بدھیگا، بھی گجو
9 (RLIN) 118634
245 ## - TITLE STATEMENT
Title ایک تمنا ایک خیاب /
Statement of responsibility, etc گجو بھی بدھیگا ؛ مرتجم طاہر حسن
246 ## - VARYING FORM OF TITLE
Title proper/short title Ek tamanna ek khwab /
Remainder of title by Giju Bhai Badhiga ; translated by Tahir Hasan
260 ## - PUBLICATION, DISTRIBUTION, ETC. (IMPRINT)
Place of publication, distribution, etc نیی دہلی
Name of publisher, distributor, etc نیشنل بک ٹرسٹ
Date of publication, distribution, etc 1996
270 ## - ADDRESS
City نیی دہلی
Address اے.٥، گرین پارک
Postal code 110016
300 ## - PHYSICAL DESCRIPTION
Extent 115p.
Dimensions 21cm(Hb)
650 ## - SUBJECT ADDED ENTRY--TOPICAL TERM
Topical term or geographic name as entry element اسکولوں اور سرگرمیاں
9 (RLIN) 129878
650 ## - SUBJECT ADDED ENTRY--TOPICAL TERM
Topical term or geographic name as entry element خاص تعلیم
9 (RLIN) 129879
650 ## - SUBJECT ADDED ENTRY--TOPICAL TERM
Topical term or geographic name as entry element Schools & activities
9 (RLIN) 129880
650 ## - SUBJECT ADDED ENTRY--TOPICAL TERM
Topical term or geographic name as entry element Special education
9 (RLIN) 129881
700 ## - ADDED ENTRY--PERSONAL NAME
Personal name حسن، طاہر
9 (RLIN) 129882
942 ## - ADDED ENTRY ELEMENTS (KOHA)
Source of classification or shelving scheme Dewey Decimal Classification
Koha item type Urdu Bks
Classification part 371.1
Call number suffix ب د ھ
Holdings
Withdrawn status Lost status Damaged status Not for loan Home library Current library Date acquired Source of acquisition Cost, normal purchase price Total Checkouts Full call number Barcode Date last seen Copy number Cost, replacement price Price effective from Koha item type
        Central Library Central Library 03/02/2016 Cen Lib/Ret 31.00   371.1 ب د ھ A-791128 03/02/2016 1 31.00 03/02/2016 Urdu Bks

© Delhi Public Library
Hit Counter
free hit counter